000 00274pab a2200121 454500
008 180718b xxu||||| |||| 00| 0 eng d
100 _aGhosh, D
245 _aNational Health Service
650 _a Medianes
650 _aHealth Services
773 _aStatesman
909 _a21791
999 _c21791
_d21791